<Die> drei Grossbanken 1991.

Výsledky činnosti troch veľkých bánk Nemecka: Deutsche Bank, Dresdner Bank a Commerz Bank (úroky, provízie, odpisy, výnosy...). Bilancia bánk (vlastné a cudzie prostriedky, úvery, pevné úročené sumy...). Bilancia a výnosy jednotlivých bánk. Vývoj situácie v obchode s cennými papiermi.

Salvato in:
Dettagli Bibliografici
Natura: Capitolo di libro
Lingua:tedesco
Soggetti:
Tags: Aggiungi Tag
Nessun Tag, puoi essere il primo ad aggiungerne!!

MARC

LEADER 00000naa a2200000 4500
001 r008977
005 20221130113427.6
041 0 |a ger 
044 |a DE 
245 1 0 |a <Die> drei Grossbanken 1991. 
520 |a Výsledky činnosti troch veľkých bánk Nemecka: Deutsche Bank, Dresdner Bank a Commerz Bank (úroky, provízie, odpisy, výnosy...). Bilancia bánk (vlastné a cudzie prostriedky, úvery, pevné úročené sumy...). Bilancia a výnosy jednotlivých bánk. Vývoj situácie v obchode s cennými papiermi. 
610 2 0 |a banky 
610 2 0 |a Nemecko 
610 2 0 |a 1991 
610 2 0 |a údaje štatistické 
610 2 0 |a úrok 
610 2 0 |a odpisy 
610 2 0 |a bilancia finančná 
610 2 0 |a výnosy podnikové 
610 2 0 |a úver 
610 2 0 |a papiere cenné